| 000 | 00916nam a2200289 i 4500 | ||
|---|---|---|---|
| 001 | 000020875 | ||
| 003 | DO-SdBNP | ||
| 005 | 20260304085435.0 | ||
| 007 | ta | ||
| 008 | 250825s1994 sp ac 001 0 spa d | ||
| 040 |
_aDO-SdBNP _bspa _cBNPHU _erda |
||
| 041 | _asp | ||
| 082 | 4 |
_a923.27293 _bS171h _222 |
|
| 100 | 1 |
_aSalmador, Víctor _eautor _943660 |
|
| 245 | 1 | 0 |
_aEl hijo del pueblo : _bde la orfandad a la presidencia _cVíctor Salmador. |
| 250 | _aSegunda edición | ||
| 264 |
_aSanto Domingo : _bEditora Colores, _c1994 |
||
| 300 |
_a152 páginas : _bilustraciones, ; _c24 cm. |
||
| 336 |
_2rdacontent _atexto _btxt |
||
| 337 |
_2rdamedia _asin mediación _bn |
||
| 338 |
_2rdacarrier _avolumen _bnc |
||
| 590 | _aInventariado, 2025/DG | ||
| 600 | 1 | 0 |
_aPeña Gomez, Jose Francisco , _d1937-1998 _92994 |
| 650 | 4 |
_aPolíticos _zRepública Dominicana _xBiografías _93019 |
|
| 910 | _aDG | ||
| 942 |
_2ddc _cLBS1 |
||
| 999 |
_c59815 _d59815 |
||